000 00471nam a2200181Ia 4500
005 20250508155915.0
008 008 250505s9999 xx 000 0 eng d
037 _aTextual
040 _aFEDL
_beng
_cFEDL
041 _aeng
_2eng
084 _aB, LIN
_qFEDL
100 _aangle Paul M
245 0 _aHe belongs to the ages : The story of abraham lincoln
300 _a26p.
546 _aWeeded out
942 _cTEXL
_hB, LIN
999 _c1360002
_d1360002